| 000 | 02032aam a2200385 i 4500 | ||
|---|---|---|---|
| 001 | 768714001 | ||
| 003 | CO-MdFUSB | ||
| 005 | 20250429151515.0 | ||
| 007 | ta | ||
| 008 | 231004t19821988flu||||g |||| 00| 0 spa d | ||
| 020 |
_a082970996 _q7 |
||
| 040 |
_aCO-MdFUSB _bspa _cCO-MdFUSB _dCO-MdFUSBC _erda |
||
| 041 |
_aspa _heng |
||
| 082 |
_223 _a239 _bOT88 |
||
| 100 |
_aMcDowell, Josh, _eautor |
||
| 240 | _aUnderstanding the cults | ||
| 245 |
_aEstudio de las sectas _c/ Josh McDowell , Don Stewart ; traducido por M. Francisco Liévano R |
||
| 250 | _aedición en idioma español | ||
| 264 | 1 |
_aDeerfield, Florida : _bVida, _c[1982] |
|
| 264 | 4 | _c©1988 | |
| 300 |
_a167 páginas _c; 22 cm |
||
| 336 |
_2rdacontent _atexto _btxt |
||
| 337 |
_2rdamedia _asin mediación _bn |
||
| 338 |
_2rdacarrier _avolumen _bnc |
||
| 504 | _aIncluye índice | ||
| 505 | _a1. ¿Que es una secta? -- 2. Características de las sectas -- 3. Las creencias del cristianismo ortodoxo -- 4. La secta Hare Krishna -- 5. Los testigos de Jehová -- 6. El mormonismo -- 7. La meditación trascendental -- 8. La teosofía -- 9. El est -- 10. Los niños de Dios -- 11. La Iglesia de la unificación: "los moonies" -- 12. El camino internacional -- 13. La Iglesia universal de Dios -- 14. La Ciencia Cristiana -- 15. La unidad. | ||
| 520 | _aLa "sana doctrina" de los evangélicos es lo suficientemente vigorosa para hacer frente al desafío que representa las doctrinas falsas de la actualidad. La presente obra aporta argumentos útiles para tal confrontación. El estudio de las sectas de Josh McDowell y Don Stewart es una verdadera guía sobre las falsas creencias religiosas que han surgido en los últimos años. Armados con las enseñanzas presentadas en este manual, podemos "pelear la buena batalla de la Fe". | ||
| 563 | _aRústico | ||
| 650 | 7 |
_9385 _aReligión |
|
| 650 | 0 |
_91218 _aSectas |
|
| 700 |
_98603 _aStewart, Don, _eautor |
||
| 700 |
_92192 _aLiévano, M. Francisco. _etraductor |
||
| 942 | _cBK | ||
| 945 | _asor1564 | ||
| 999 |
_c69113 _d69113 |
||